La croissance économique (notice n° 1568804)

détails MARC
000 -LEADER
fixed length control field 00966cam a2200133 4500500
005 - DATE AND TIME OF LATEST TRANSACTION
control field 20251214005353.0
041 ## - LANGUAGE CODE
Language code of text/sound track or separate title fre
042 ## - AUTHENTICATION CODE
Authentication code dc
100 10 - MAIN ENTRY--PERSONAL NAME
Personal name Gaffard, Jean-Luc
Relator term author
245 00 - TITLE STATEMENT
Title La croissance économique
260 ## - PUBLICATION, DISTRIBUTION, ETC.
Name of publisher, distributor, etc. Armand Colin,<br/>
Date of publication, distribution, etc. 2011.<br/>
520 ## - SUMMARY, ETC.
Summary, etc. Ce manuel d'introduction s’appuie sur les développements et les recherches les plus récents, la discipline ayant été remise en avant par la récente crise financière mondiale qui oblige à réinventer des politiques d’inspiration néo-keynésienne. Il met l’accent sur les distorsions et les déséquilibres que le fonctionnement des marchés et l’action publique aident à surmonter. Après l'étude et la critique les différentes modèles de croissance, il analyse les problèmes et les politiques mises en œuvre pour atteindre ou retrouver la croissance.
856 41 - ELECTRONIC LOCATION AND ACCESS
Uniform Resource Identifier <a href="https://shs.cairn.info/la-croissance-economique--9782200272036?lang=fr&redirect-ssocas=7080">https://shs.cairn.info/la-croissance-economique--9782200272036?lang=fr&redirect-ssocas=7080</a>

Pas d'exemplaire disponible.

PLUDOC

PLUDOC est la plateforme unique et centralisée de gestion des bibliothèques physiques et numériques de Guinée administré par le CEDUST. Elle est la plus grande base de données de ressources documentaires pour les Étudiants, Enseignants chercheurs et Chercheurs de Guinée.

Adresse

627 919 101/664 919 101

25 boulevard du commerce
Kaloum, Conakry, Guinée

Réseaux sociaux

Powered by Netsen Group @ 2025